000 00799cam a2200193 4500
001 ABS65802
008 020910n2002 000 0 eng u
035 _a(Sirsi) u119644
100 _aCollar, N.
245 _aKnow-how: listed buildings
260 _c2002
490 _aScottish Planning and Environmental Law
_v(92) August 2002, 88-89(2)
520 _aBasic explanations of terms connected with listed buildings in Scotland. Describes the different grades; what is included in the listing; how buildings are designated as being listed; the consequences of designation; and how the listing can be challenged
590 _aABS
650 _aLISTED BUILDINGS
650 _aSCOTLAND
690 _aBUILT ENVIRONMENT-BUILDING MAINTENANCE AND REFURBISHMENT-BUILDING CONSERVATION
942 _n0
999 _c71121
_d71121